Donald... y la astronaútica / (Registro nro. 12679)

Detalles MARC
000 -LIDER
fixed length control field 00654nam a22002297a 4500
003 - IDENTIFICACDOR DE NÚMERO DE CONTROL
control field DO-SdBNP
005 - DATE AND TIME OF LATEST TRANSACTION
control field 20180214140029.0
008 - ELEMENTOS DE LONGITUD FIJA
fixed length control field 161031b 1990 sp a 00| 0 spa d
020 ## - ISBN
International Standard Book Number 8424153359
040 ## - FUENTE DE CATALOGACIÓN
Agencia que crea de manera original el registro BPMSU
Idioma de catalogación spa
Agencia que realiza la transcripción BPMSU
082 ## - NÚMERO DE CLASIFICACIÓN DECIMAL DE DEWEY
Classification number xxxx
Item number C236d
100 1# - ASIENTO PRINCIPAL -- NOMBRE PERSONAL
Nombre personal Capdevila, F.
245 10 - MENCIÓN DE TITULO
Título Donald... y la astronaútica /
Mención de responsabilidad F. Capdevila
260 ## - PUBLICACIÓN, DISTRIBUCIÓN, ETC. (PIE DE IMPRENTA)
Lugar de publicación, distribución, etc Madrid, España :
Nombre del editor, distribuidor, etc. The Walt Disney Company,
-- Everest,
Fecha de publicación, distribución, etc 1990.
300 ## - DESCRIPCIÓN FÍSICA
Extensión 48 p. :
Otros detalles físicos il. ;
Dimensiones 29 cm.
490 ## - MENCIÓN DE SERIES
Mención de serie Walt Disney
Volume/sequential designation 6
500 ## - NOTA GENERAL
Nota general Libro de pasta dura
830 #0 - ASIENTO SECUNDARIO DE SERIE--TÍTULO UNIFORME
Título uniforme Walt Disney
Número de la parte o sección de una obra 6
942 ## - ADDED ENTRY ELEMENTS (KOHA)
Source of classification or shelving scheme Dewey Decimal Classification
Koha item type Libros
945 ## - INFORMACIÓN DE PROCESAMIENTO LOCAL
Información de procesamiento local Inventariado, 2018/ YL
956 ## - LOCAL ELECTRONIC LOCATION AND ACCESS (OCLC)
Nombre de host YLOCKWARD
Número de acceso 10
Información de compresión BPMSU
Existencias
Withdrawn status Lost status Source of classification or shelving scheme Damaged status Not for loan Collection code Home library Current library Date acquired Source of acquisition Total Checkouts Full call number Barcode Date last seen Price effective from Koha item type
    Dewey Decimal Classification     Colección Infantil General Biblioteca Pública Metropolitana Salomé Ureña Biblioteca Pública Metropolitana Salomé Ureña 10/23/2017 Sin sellar   xxxx C236d BPMSU17100132 10/23/2017 10/23/2017 Libros